• 首页
  • 本馆介绍
  • 公告通知
  • 最新文献
  • 馆藏检索
  • 电子资源
  • 读者导购
  • 参考咨询
  • 我的图书馆
  • 登录
  • 详细信息显示
  • 放入我的书架
  • 预约/预借图书
  • 作者相关作品
  • 分类相关作品
  • 丛书相关作品
  • 出版社相关作品

书目信息

  • 表格格式
  • 工作单格式
  • 卡片格式
题名:
聚芳酯纤维
    
 
作者: 夏于旻 , 魏朋 , 王依民 编著
分册:  
出版信息: 北京   国防工业出版社  2017.05
页数: 232页
开本: 24cm
丛书名: 高性能纤维技术丛书
单 册:
中图分类: TQ342
科图分类:
主题词: 聚芳酯--聚酯纤维--研究
电子资源:
ISBN: 978-7-118-11087-6
000 01068oam2 2200313 450
001 353
005 20180922084732.33
010    @a978-7-118-11087-6@dCNY78.00
100    @a20170905d2017 em y0chiy50 ea
101 0  @achi
102    @aCN@b110000
105    @aa z 000yy
200 1  @a聚芳酯纤维@9ju fang zhi xian wei@f何勇[等]编著
210    @a北京@c国防工业出版社@d2017.05
215    @a232页@c图@d24cm
225 1  @a高性能纤维技术丛书@f周宏主编
300    @a“十二五”国家重点出版规划项目 国家出版基金项目
304    @a编著者还有:夏于旻、魏朋、王依民
312    @a封面英文题名:Polyarylate fiber
330    @a本书内容来自作者团队多年研究成果,全书共分4章,包括绪论、聚芳酯化学结构及其聚合方法、聚芳酯结构与性质的关系和聚芳酯纤维。
461  0 @12001 @a高性能纤维技术丛书
510 1  @aPolyarylate fiber@zeng
606 0  @a聚芳酯@x聚酯纤维@x研究
690    @aTQ342@v5
701  0 @a夏于旻@9xia yu min@4编著
701  0 @a魏朋@9wei peng@4编著
701  0 @a王依民@9wang yi min@4编著
801  0 @aCN@b91MARC@c20170905
905    @aMuseLib@dTQ342@e26
    
    聚芳酯纤维/何勇[等]编著.-北京:国防工业出版社,2017.05
    232页:图;24cm.-(高性能纤维技术丛书/周宏主编)
    “十二五”国家重点出版规划项目 国家出版基金项目
    
    ISBN 978-7-118-11087-6:CNY78.00
    本书内容来自作者团队多年研究成果,全书共分4章,包括绪论、聚芳酯化学结构及其聚合方法、聚芳酯结构与性质的关系和聚芳酯纤维。
●
相关链接 在E读中查询图书 在五车中查询图书 在当当中查询图书 在豆瓣中查询图书


正题名:聚芳酯纤维     索取号:TQ342/26         预约/预借

序号 登录号 条形码 馆藏地/架位号 状态 备注
1 1119484   211194848   第二样本阅览室/ [索取号:TQ342/26] 在馆    
2 1119485   211194857   第三借阅区/ [索取号:TQ342/26] 在馆    
3 1119486   211194866   第三借阅区/ [索取号:TQ342/26] 在馆    
4 1119487   211194875   第三借阅区/ [索取号:TQ342/26] 在馆    
5 1119488   211194884   第三借阅区/ [索取号:TQ342/26] 在馆    
唐山师范学院图书馆 欢迎您!
大连网信软件有限公司© 版权所有